TO FORGIVE IS HUMAN HOW TOPUT YOUR PAST IN THE PAST IN THE PSST (Record no. 11922)

MARC details
000 -LEADER
fixed length control field 00442nam a22001697a 4500
003 - CONTROL NUMBER IDENTIFIER
control field OSt
005 - DATE AND TIME OF LATEST TRANSACTION
control field 20211012130950.0
008 - FIXED-LENGTH DATA ELEMENTS--GENERAL INFORMATION
fixed length control field 211012b |||||||| |||| 00| 0 eng d
020 ## - INTERNATIONAL STANDARD BOOK NUMBER
International Standard Book Number 0830816836
040 ## - CATALOGING SOURCE
Transcribing agency HU
082 ## - DEWEY DECIMAL CLASSIFICATION NUMBER
Classification number 158.2/MCC
100 ## - MAIN ENTRY--PERSONAL NAME
Personal name MICHAEL E. MCCULLOUGH PH.D.
9 (RLIN) 12844
245 ## - TITLE STATEMENT
Title TO FORGIVE IS HUMAN HOW TOPUT YOUR PAST IN THE PAST IN THE PSST
260 ## - PUBLICATION, DISTRIBUTION, ETC.
Place of publication, distribution, etc. AMERICA
Name of publisher, distributor, etc. IVP
Date of publication, distribution, etc. 1997
300 ## - PHYSICAL DESCRIPTION
Extent 240P
942 ## - ADDED ENTRY ELEMENTS (KOHA)
Source of classification or shelving scheme Dewey Decimal Classification
Koha item type Books like text book referance book
Suppress in OPAC No
Holdings
Withdrawn status Lost status Source of classification or shelving scheme Damaged status Not for loan Home library Current library Shelving location Date acquired Total Checkouts Full call number Barcode Date last seen Copy number Price effective from Koha item type
    Dewey Decimal Classification     Social Library Social Library General Stacks 10/12/2021   158.2/MCC SHLIB00000963 10/12/2021 1 10/12/2021 Books like text book referance book